00338nam a2200133 a 45000010010000000030011000100080041000210350026000620820016000881000019001042450020001232600037001436500024001800000-9342ELIB.Books110520 1976  a(ELIB.Books)0000-9494 a268.1 bAnd aAnderson, Andy aWhere Action Is bNashville: Broadman Press c1976 aChristian Education